[Event "Madrid Vicalvaro op"]
[Site "Madrid"]
[Date "2022.06.05"]
[Round "5"]
[White "Kohn Garcia, Alejandro"]
[Black "Perez Puebla, David"]
[Result "0-1"]
[WhiteElo "1279"]
[BlackElo "1462"]
[PlyCount "32"]
[EventDate "2022.05.08"]
[EventType "swiss"]
[EventRounds "7"]
[EventCountry "ESP"]
[SourceTitle "EXT 2024"]
[Source "ChessBase"]
[SourceDate "2023.10.10"]
[SourceVersion "1"]
[SourceVersionDate "2023.10.10"]
[SourceQuality "1"]

1. e4 e6 2. d3 d5 3. Nd2 dxe4 4. dxe4 Nd7 5. Ngf3 Ngf6 6. Be2 b6 7. 0-0 Bb7 8. e5 Nd5 9. Ne4 Ne7 10. Nfg5 h6 11. Nxf7 Kxf7 12. Bh5+ Kg8 13. Qg4 Nf5 14. Ng5 hxg5 15. Bxg5 Be7 16. Bxe7 Qxe7 0-1